书目信息 |
| 题名: |
矿山法隧道工程修建理念的更新
|
|
| 作者: | 王建宇, 著 | |
| 分册: | ||
| 出版信息: | 北京 人民交通出版社股份有限公司 2025.03 |
|
| 页数: | 192页 | |
| 开本: | 23cm | |
| 丛书名: | 隧道及地下工程理论与方法丛书 | |
| 单 册: | ||
| 中图分类: | U45 | |
| 科图分类: | ||
| 主题词: | 隧道工程--sui dao gong cheng | |
| 电子资源: | ||
| ISBN: | 978-7-114-20142-4 | |
| 000 | 01422nam 2200289 450 | |
| 001 | 93089 | |
| 005 | 20250818185149.93 | |
| 010 | @a978-7-114-20142-4@dCNY95.00 | |
| 100 | @a20250519d2025 em y0chiy50 ea | |
| 101 | 0 | @achi@eeng |
| 102 | @aCN@b110000 | |
| 105 | @aak a 000yy | |
| 106 | @ar | |
| 200 | 1 | @a矿山法隧道工程修建理念的更新@Akuang shan fa sui dao gong cheng xiu jian li nian de geng xin@d= Innovative concepts in conventional tunnelling@f王建宇著@zeng |
| 210 | @a北京@c人民交通出版社股份有限公司@d2025.03 | |
| 215 | @a192页@c图@d23cm | |
| 225 | 2 | @a隧道及地下工程理论与方法丛书@Asui dao ji di xia gong cheng li lun yu fang fa cong shu |
| 314 | @a王建宇, 中铁西南科学研究院 (原铁道科学研究院西南分院) 研究员。1940年出生, 1963年毕业于唐山铁道学院桥梁与隧道系, 长期从事隧道及地下工程技术开发和科研工作。 | |
| 320 | @a有书目 (第189-192页) | |
| 330 | @a本书基于作者从事隧道设计施工中积累的经验和教训, 以围岩稳定性和力学行为的控制, 隧道结构设计模型, 挤压性围岩大量级变形, 地下水处治, 衬砌结构形式的拓展等为主要内容, 对现代隧道工程理念的更新及其技术背景进行了论述, 并就若干认识上的“模糊点”进行探讨。 | |
| 410 | 0 | @12001 @a隧道及地下工程理论与方法丛书 |
| 510 | 1 | @aInnovative concepts in conventional tunnelling@zeng |
| 606 | 0 | @a隧道工程@Asui dao gong cheng |
| 690 | @aU45@v5 | |
| 701 | 0 | @a王建宇,@Awang jian yu@f1940-@4著 |
| 801 | 0 | @aCN@c20250909 |
| 905 | @a河南城建学院图书馆@dU45@eW220@f1 | |
| 矿山法隧道工程修建理念的更新= Innovative concepts in conventional tunnelling/王建宇著.-北京:人民交通出版社股份有限公司,2025.03 |
| 192页:图;23cm.-(隧道及地下工程理论与方法丛书) |
| ISBN 978-7-114-20142-4:CNY95.00 |
| 本书基于作者从事隧道设计施工中积累的经验和教训, 以围岩稳定性和力学行为的控制, 隧道结构设计模型, 挤压性围岩大量级变形, 地下水处治, 衬砌结构形式的拓展等为主要内容, 对现代隧道工程理念的更新及其技术背景进行了论述, 并就若干认识上的“模糊点”进行探讨。 |
| ● |
| 相关链接 |
|
|
|
正题名:矿山法隧道工程修建理念的更新
索取号:U45/W220
 
预约/预借
| 序号 | 登录号 | 条形码 | 馆藏地/架位号 | 状态 | 备注 |
| 1 | 1627047 | 216270470 | 自科库501/501自科库 55排5列2层/ [索取号:U45/W220] | 在馆 |